K problematike poistenia medzinárodných rizík ako súčasti poistenia neživotných rizík v komerčných poisťovniach v Slovenskej republike

Charakteristika medzinárodných rizík ako súčasti neživotných rizík. Členenie medzinárodných rizík: komerčné riziká, politicko – hospodárske riziká, osobitné druhy rizík. Poistenie medzinárodných rizík v SR v roku 2010.

Uložené v:
Podrobná bibliografia
Hlavný autor: Drugdová, Barbora
Médium: Kapitola
Jazyk:Slovak
Predmet:
Tagy: Pridať tag
Žiadne tagy, Buďte prvý, kto otaguje tento záznam!

MARC

LEADER 00000nla$a2200000$$$4500
001 0136931
005 20240502072532.0
041 0 |a slo 
044 |a SK 
245 1 0 |a K problematike poistenia medzinárodných rizík ako súčasti poistenia neživotných rizík v komerčných poisťovniach v Slovenskej republike  |c Barbora Drugdová 
520 |a Charakteristika medzinárodných rizík ako súčasti neživotných rizík. Členenie medzinárodných rizík: komerčné riziká, politicko – hospodárske riziká, osobitné druhy rizík. Poistenie medzinárodných rizík v SR v roku 2010. 
610 2 0 |a trh poistný 
610 2 0 |a poisťovne komerčné 
610 2 0 |a riziko poistné 
100 1 |a Drugdová, Barbora